[Event "BCF-ch rapidplay 30th"]
[Site "Leeds"]
[Date "2016.11.12"]
[Round "6"]
[White "Poobalasingam, Peter"]
[Black "Bansal, Rohan"]
[Result "1-0"]
[WhiteElo "2223"]
[BlackElo "1969"]
[PlyCount "51"]
[EventDate "2016.11.12"]
[EventType "swiss (rapid)"]
[EventRounds "11"]
[EventCountry "ENG"]
[SourceTitle "CBM 175 Extra"]
[Source "ChessBase"]
[SourceDate "2016.12.12"]
[SourceVersion "1"]
[SourceVersionDate "2016.12.12"]
[SourceQuality "1"]

1. d3 Nf6 2. e4 d6 3. Nf3 g6 4. g3 Bg7 5. Bg2 0-0 6. 0-0 c5 7. Re1 Nc6 8. c3 e5 9. h3 h6 10. Na3 Ne8 11. Nc2 f5 12. Nh4 Kh7 13. exf5 gxf5 14. Qh5 Qf6 15. Ne3 Ne7 16. Nd5 Nxd5 17. Bxd5 Nc7 18. Bg2 Rb8 19. f4 Ne6 20. fxe5 dxe5 21. Nf3 c4 22. Nxe5 f4 23. Ng6 Rd8 24. Nxf4 Nxf4 25. Bxf4 cxd3 26. Bxb8 1-0

[Event "BCF-chT1c 1516 (4NCL) Promotion pool"]
[Site "England"]
[Date "2016.03.20"]
[Round "8.135"]
[White "D'Costa, Lorin AR"]
[Black "Poobalasingam, Peter"]
[Result "1/2-1/2"]
[WhiteElo "2420"]
[BlackElo "2239"]
[PlyCount "87"]
[EventDate "2015.11.14"]
[EventType "team-tourn"]
[EventRounds "4"]
[EventCountry "ENG"]
[SourceTitle "CBM 171 Extra"]
[Source "ChessBase"]
[SourceDate "2016.04.26"]
[SourceVersion "1"]
[SourceVersionDate "2016.04.26"]
[SourceQuality "1"]
[WhiteTeam "Barbican"]
[BlackTeam "Barbican II"]
[WhiteTeamCountry "ENG"]
[BlackTeamCountry "ENG"]

1. c4 d6 2. g3 e5 3. Bg2 Be7 4. Nc3 c6 5. e4 Be6 6. d3 Bg5 7. f4 exf4 8. Nf3 Bf6 9. gxf4 Bxc3+ 10. bxc3 Bg4 11. Rb1 Qc7 12. 0-0 Ne7 13. Qe1 Bxf3 14. Rxf3 Nd7 15. Ba3 f6 16. d4 Nb6 17. c5 dxc5 18. Bxc5 0-0 19. Bh3 f5 20. exf5 Ned5 21. Bxf8 Rxf8 22. Qe5 Qd8 23. Rg3 Nf6 24. Qe2 Qc7 25. a4 Qxf4 26. a5 Nbd7 27. Rxb7 Re8 28. Qxe8+ Nxe8 29. Rxd7 Qc1+ 30. Bf1 h5 31. f6 Nxf6 32. Rdxg7+ Kf8 33. Rxa7 Ne4 34. Rf3+ Ke8 35. a6 Nd2 36. Ra8+ Ke7 37. Raf8 Nxf3+ 38. Rxf3 Kd6 39. Kf2 Kc7 40. Rf7+ Kb8 41. Rf8+ Ka7 42. Rf7+ Ka8 43. Rf8+ Ka7 44. Rf7+ 1/2-1/2

[Event "Crawley e2e4 Gatwick op"]
[Site "Crawley"]
[Date "2016.02.20"]
[Round "2"]
[White "Poobalasingam, Peter"]
[Black "Klingher, Dominic"]
[Result "1/2-1/2"]
[WhiteElo "2255"]
[BlackElo "1980"]
[PlyCount "130"]
[EventDate "2016.02.19"]
[EventType "swiss"]
[EventRounds "5"]
[EventCountry "ENG"]
[SourceTitle "CBM 171 Extra"]
[Source "ChessBase"]
[SourceDate "2016.04.26"]
[SourceVersion "1"]
[SourceVersionDate "2016.04.26"]
[SourceQuality "1"]

1. d3 e5 2. Nf3 Nc6 3. e4 f5 4. exf5 d5 5. Qe2 Bd6 6. Nc3 Nf6 7. Bg5 d4 8. Ne4 Bxf5 9. Nfd2 Qe7 10. g3 0-0-0 11. Bg2 Qe6 12. 0-0 Be7 13. Nxf6 gxf6 14. Bh4 Bh3 15. Bxh3 Qxh3 16. a3 Rhg8 17. Kh1 Rde8 18. Nf3 Qg4 19. Ng1 Qg7 20. Rae1 f5 21. Bxe7 Rxe7 22. Nf3 e4 23. Nh4 Qg5 24. Ng2 Rge8 25. Qd1 Qf6 26. Qh5 Rg8 27. Qh3 Kb8 28. Nh4 Rg5 29. Qg2 Qe6 30. b3 Rg8 31. Qh3 Rf8 32. dxe4 fxe4 33. Qxe6 Rxe6 34. f4 e3 35. Nf3 a5 36. Re2 Rd6 37. Rd1 Rfd8 38. Rd3 Ne7 39. b4 b6 40. b5 a4 41. Ne5 Rd5 42. c3 dxc3 43. Rxc3 Rxb5 44. Rcxe3 Kb7 45. Re4 Nd5 46. Rc2 c5 47. Nc4 Rb3 48. f5 Rb1+ 49. Kg2 b5 50. Ne5 c4 51. Nxc4 bxc4 52. Rcxc4 Nb6 53. Re7+ Rd7 54. Rxd7+ Nxd7 55. Rxa4 Kc6 56. Re4 Rb2+ 57. Kh3 Kd5 58. Re7 Nf6 59. Rg7 Ke5 60. a4 Kxf5 61. a5 h5 62. Rc7 Kg6 63. Rc6 Kg5 64. Rc5+ Kg6 65. Rc6 Kg5 1/2-1/2

[Event "BCF-chT1b 1516 (4NCL)"]
[Site "England"]
[Date "2016.02.14"]
[Round "6.163"]
[White "Wells, Peter K"]
[Black "Poobalasingam, Peter"]
[Result "1/2-1/2"]
[WhiteElo "2427"]
[BlackElo "2255"]
[PlyCount "73"]
[EventDate "2015.11.14"]
[EventType "team-swiss"]
[EventRounds "11"]
[EventCountry "ENG"]
[SourceTitle "CBM 170 Extra"]
[Source "ChessBase"]
[SourceDate "2016.02.25"]
[SourceVersion "1"]
[SourceVersionDate "2016.02.25"]
[SourceQuality "1"]
[WhiteTeam "White Rose"]
[BlackTeam "Barbican II"]
[WhiteTeamCountry "ENG"]
[BlackTeamCountry "ENG"]

1. Nf3 d6 2. d4 Nd7 3. c4 e5 4. Nc3 Ngf6 5. e4 Be7 6. Be2 0-0 7. 0-0 c6 8. Be3 Qc7 9. d5 Ne8 10. b4 c5 11. Rb1 cxb4 12. Nb5 Qb8 13. Rxb4 Bd8 14. Rb2 Bb6 15. Bxb6 axb6 16. Nd2 Nc5 17. f4 Bd7 18. Nc3 Qa7 19. Kh1 Qa3 20. Qc1 Qa7 21. Nb3 Nc7 22. Nxc5 bxc5 23. Qb1 Rfb8 24. fxe5 dxe5 25. Bh5 g6 26. Rbf2 Rf8 27. Qc1 Qa3 28. Rb2 Ne8 29. Be2 Bc8 30. Nb5 Qa5 31. Qe3 b6 32. Qg3 f6 33. Rf3 Qa6 34. Rfb3 Qb7 35. Bg4 Qg7 36. Bxc8 Rxc8 37. h3 1/2-1/2

[Event "BCF-chT1b 1516 (4NCL)"]
[Site "England"]
[Date "2016.02.13"]
[Round "5.173"]
[White "Poobalasingam, Peter"]
[Black "Bukojemski, Adam"]
[Result "0-1"]
[WhiteElo "2255"]
[BlackElo "2241"]
[PlyCount "78"]
[EventDate "2015.11.14"]
[EventType "team-swiss"]
[EventRounds "11"]
[EventCountry "ENG"]
[SourceTitle "CBM 170 Extra"]
[Source "ChessBase"]
[SourceDate "2016.02.25"]
[SourceVersion "1"]
[SourceVersionDate "2016.02.25"]
[SourceQuality "1"]
[WhiteTeam "Barbican II"]
[BlackTeam "Cambridge"]
[WhiteTeamCountry "ENG"]
[BlackTeamCountry "ENG"]

1. d4 Nf6 2. c4 g6 3. Nf3 Bg7 4. e3 d6 5. Be2 0-0 6. 0-0 c6 7. Nc3 Qa5 8. Bd2 Qc7 9. Rc1 e5 10. c5 dxc5 11. Nxe5 Be6 12. Nf3 c4 13. Ng5 b5 14. Bf3 Nbd7 15. e4 Nb6 16. Ne2 Rad8 17. Qc2 Bc8 18. e5 Nfd5 19. b3 f6 20. exf6 Rxf6 21. Ng3 h6 22. N5e4 Rff8 23. Rfd1 Nf4 24. Bxf4 Qxf4 25. a4 Qf7 26. a5 cxb3 27. Qxc6 b2 28. Rb1 Nc4 29. Nc3 a6 30. Bd5 Rxd5 31. Qxd5 Be6 32. Qf3 Qxf3 33. gxf3 Rxf3 34. Nce4 Ra3 35. f3 Ra1 36. Nc3 Bxd4+ 37. Rxd4 Na3 38. Rdd1 Nxb1 39. Rxb1 Ba2 0-1

[Event "Birmingham 4NCL op-A 7th"]
[Site "Birmingham"]
[Date "2016.01.31"]
[Round "4"]
[White "Pleasants, Allan J"]
[Black "Poobalasingam, Peter"]
[Result "0-1"]
[WhiteElo "2049"]
[BlackElo "2239"]
[PlyCount "180"]
[EventDate "2016.01.29"]
[EventType "swiss"]
[EventRounds "5"]
[EventCountry "ENG"]
[SourceTitle "CBM 170 Extra"]
[Source "ChessBase"]
[SourceDate "2016.02.25"]
[SourceVersion "1"]
[SourceVersionDate "2016.02.25"]
[SourceQuality "1"]

1. e4 c5 2. Nf3 a6 3. Nc3 b5 4. a4 b4 5. Nd5 e6 6. Ne3 d6 7. g3 Bb7 8. d3 g6 9. Bg2 Bg7 10. 0-0 Ne7 11. c3 bxc3 12. Qb3 Nbc6 13. bxc3 Na5 14. Qc2 0-0 15. Rd1 Qc7 16. Nd2 Nac6 17. Rb1 Rab8 18. Ba3 Rfd8 19. Rb2 Ba8 20. Rdb1 Rxb2 21. Bxb2 Rb8 22. Ba1 Rxb1+ 23. Qxb1 Ne5 24. Ndc4 Nd7 25. d4 Bc6 26. a5 Bb5 27. Nb6 cxd4 28. cxd4 Nxb6 29. axb6 Qxb6 30. e5 d5 31. Ng4 Nc6 32. Qc1 h5 33. Nf6+ Bxf6 34. exf6 Qd8 35. Qg5 Nb8 36. Bh3 Kh7 37. g4 Be2 38. gxh5 Bxh5 39. Bf1 Nd7 40. Bd3 Kg8 41. Bc3 a5 42. Bb5 Qxf6 43. Qxf6 Nxf6 44. Bxa5 Bf3 45. Bb4 Nh5 46. Bd2 Kg7 47. Bg5 f6 48. Bc1 Kf7 49. Bd3 Ng7 50. Ba3 Be4 51. Be2 Nf5 52. Bc5 Nh4 53. Kf1 Bg2+ 54. Ke1 Bf3 55. Bb5 Bg2 56. Be2 Bf3 57. Bb5 Bg4 58. Kf1 Bh3+ 59. Ke2 Bg2 60. f4 Be4 61. Kf2 Nf3 62. Kg3 Nd2 63. Bb6 Bc2 64. Be2 Nb3 65. Ba6 Nc1 66. Bc8 Bd1 67. Ba6 Be2 68. Bb7 Nd3 69. Bc8 Ke7 70. Bb7 Nc1 71. Bc5+ Kf7 72. Bb6 Bd1 73. Ba6 Be2 74. Bc8 Bb5 75. Bb7 Nb3 76. Kf3 Nd2+ 77. Kg2 Nb3 78. Kg3 Ke7 79. Kg4 Kd7 80. Kg3 Nd2 81. Kg2 Nc4 82. Ba7 Kc7 83. Ba8 Nb6 84. Bxb6+ Kxb6 85. f5 gxf5 86. h4 Be8 87. Kg3 Ka7 88. Bxd5 exd5 89. Kf4 Kb6 90. Kxf5 Kb5 0-1

[Event "Birmingham 4NCL op-A 7th"]
[Site "Birmingham"]
[Date "2016.01.31"]
[Round "5"]
[White "Poobalasingam, Peter"]
[Black "Sowray, Peter John"]
[Result "1/2-1/2"]
[WhiteElo "2239"]
[BlackElo "2324"]
[PlyCount "101"]
[EventDate "2016.01.29"]
[EventType "swiss"]
[EventRounds "5"]
[EventCountry "ENG"]
[SourceTitle "CBM 170 Extra"]
[Source "ChessBase"]
[SourceDate "2016.02.25"]
[SourceVersion "1"]
[SourceVersionDate "2016.02.25"]
[SourceQuality "1"]

1. d3 d5 2. e4 dxe4 3. dxe4 Qxd1+ 4. Kxd1 e5 5. Be3 Be6 6. Nd2 Nd7 7. c3 Bc5 8. Bxc5 Nxc5 9. Kc2 Nf6 10. f3 a5 11. Bc4 Ke7 12. Bxe6 Kxe6 13. Nh3 Nfd7 14. Nc4 b5 15. Ne3 f6 16. Rhd1 Rhb8 17. Rd5 b4 18. Rad1 bxc3 19. bxc3 a4 20. Rb1 Rxb1 21. Kxb1 g6 22. Rd2 Nb6 23. Nf2 f5 24. exf5+ gxf5 25. Re2 h5 26. g3 Rb8 27. Kc2 a3 28. Nd3 Nxd3 29. Kxd3 Na4 30. Nc2 Rb2 31. Rg2 Kf6 32. Ne1 e4+ 33. fxe4 fxe4+ 34. Kxe4 Nxc3+ 35. Kd3 Rxg2 36. Nxg2 Nxa2 37. Kc4 Nc1 38. Kc3 Kg5 39. Ne3 Ne2+ 40. Kb3 Nd4+ 41. Kxa3 Nf3 42. h3 c6 43. Kb4 Ng1 44. h4+ Kg6 45. Kc5 Ne2 46. g4 hxg4 47. Nxg4 Kh5 48. Kxc6 Kxg4 49. h5 Nd4+ 50. Kd5 Kxh5 51. Kxd4 1/2-1/2

[Event "BCF-chT2d 1314 (4NCL)"]
[Site "England"]
[Date "2014.03.23"]
[Round "8.84"]
[White "Foord, Dominic"]
[Black "Poobalasingam, Peter"]
[Result "1/2-1/2"]
[WhiteElo "2085"]
[BlackElo "2238"]
[PlyCount "98"]
[EventDate "2013.11.16"]
[EventType "team-tourn"]
[EventRounds "11"]
[EventCountry "ENG"]
[SourceTitle "EXT 2015"]
[Source "ChessBase"]
[SourceDate "2014.11.20"]
[SourceVersion "1"]
[SourceVersionDate "2014.11.20"]
[SourceQuality "1"]
[WhiteTeam "KJCA Kings"]
[BlackTeam "Barbican Youth"]
[WhiteTeamCountry "ENG"]
[BlackTeamCountry "ENG"]

1. d4 Nf6 2. c4 g6 3. Nc3 d5 4. cxd5 Nxd5 5. e4 Nxc3 6. bxc3 Bg7 7. Nf3 c5 8. Rb1 0-0 9. Be2 Nc6 10. d5 Ne5 11. Nxe5 Bxe5 12. Rb3 e6 13. f4 Bc7 14. c4 e5 15. 0-0 f6 16. Bg4 b6 17. Bxc8 Rxc8 18. f5 g5 19. h4 gxh4 20. Bh6 Rf7 21. Qh5 Bd6 22. Qxh4 Bf8 23. Bd2 Qd7 24. Rg3+ Kh8 25. Qh5 Rc7 26. Qd1 b5 27. cxb5 Qxb5 28. Rb3 Qe8 29. Qb1 Rc8 30. Rc1 c4 31. Rb7 Bc5+ 32. Kf1 Bb6 33. Rxf7 Qxf7 34. Rc3 Qh5 35. Rh3 Qg4 36. Qc2 Bd4 37. d6 Qg8 38. Ba5 Qf7 39. Bc7 Rg8 40. Rf3 Qh5 41. Rh3 Qf7 42. Rf3 Rg7 43. Bd8 Rg8 44. Be7 Rb8 45. Rg3 c3 46. Rxc3 Bxc3 47. Qxc3 Rb1+ 48. Ke2 Qxa2+ 49. Kd3 Rb3 1/2-1/2

[Event "High Wycombe e2e4 op 03"]
[Site "High Wycombe"]
[Date "2014.03.16"]
[Round "4"]
[White "Poobalasingam, Peter"]
[Black "Jackson, James P"]
[Result "0-1"]
[WhiteElo "2238"]
[BlackElo "2262"]
[PlyCount "56"]
[EventDate "2014.03.14"]
[EventType "swiss"]
[EventRounds "5"]
[EventCountry "ENG"]
[SourceTitle "CBM 159 Extra"]
[Source "ChessBase"]
[SourceDate "2014.04.24"]
[SourceVersion "1"]
[SourceVersionDate "2014.04.24"]
[SourceQuality "1"]

1. f4 c5 2. Nf3 Nc6 3. g3 g6 4. Bg2 Bg7 5. 0-0 Nf6 6. d3 d5 7. c3 d4 8. e3 0-0 9. exd4 cxd4 10. c4 Ng4 11. Qe2 Ne3 12. Bxe3 dxe3 13. h3 e5 14. fxe5 Nxe5 15. Nxe5 Bxe5 16. Rf3 Bf5 17. Rxf5 gxf5 18. Nc3 Qg5 19. Rf1 Bxg3 20. Rf3 Bf2+ 21. Rxf2 exf2+ 22. Qxf2 Rae8 23. Kh2 Kh8 24. Nd5 Rg8 25. Bf3 f6 26. b4 f4 27. Nc3 Re3 28. Be2 Rxh3+ 0-1

[Event "High Wycombe e2e4 op 03"]
[Site "High Wycombe"]
[Date "2014.03.15"]
[Round "3"]
[White "Taylor, Adam C"]
[Black "Poobalasingam, Peter"]
[Result "1-0"]
[WhiteElo "2078"]
[BlackElo "2238"]
[PlyCount "69"]
[EventDate "2014.03.14"]
[EventType "swiss"]
[EventRounds "5"]
[EventCountry "ENG"]
[SourceTitle "CBM 159 Extra"]
[Source "ChessBase"]
[SourceDate "2014.04.24"]
[SourceVersion "1"]
[SourceVersionDate "2014.04.24"]
[SourceQuality "1"]

1. c4 Nf6 2. g3 g6 3. Bg2 d5 4. cxd5 Nxd5 5. Nc3 Nb6 6. d3 Bg7 7. Be3 0-0 8. Qd2 e5 9. Bh6 Bxh6 10. Qxh6 Re8 11. h4 Qf6 12. Nf3 Qg7 13. Qxg7+ Kxg7 14. Nd2 h5 15. b4 Na6 16. Rb1 Rb8 17. 0-0 Be6 18. Rfc1 Nd7 19. a3 Rbd8 20. Nde4 f5 21. b5 fxe4 22. Nxe4 b6 23. bxa6 c5 24. Nd6 Nf6 25. Nb5 Bd5 26. Nxa7 e4 27. Nb5 exd3 28. Bxd5 Nxd5 29. exd3 Ra8 30. a7 Red8 31. Rc4 Ne7 32. Re4 Nf5 33. Re6 Rxd3 34. Rxb6 Rd7 35. Rb8 1-0

[Event "BCF-chT2d 1213 (4NCL) Demotion pool"]
[Site "England"]
[Date "2013.05.06"]
[Round "11.63"]
[White "Morris, Gareth"]
[Black "Poobalasingam, Peter"]
[Result "0-1"]
[WhiteElo "2091"]
[BlackElo "2211"]
[PlyCount "86"]
[EventDate "2012.11.03"]
[EventType "team-tourn"]
[EventRounds "4"]
[EventCountry "ENG"]
[SourceTitle "EXT 2014"]
[Source "ChessBase"]
[SourceDate "2013.11.20"]
[SourceVersion "1"]
[SourceVersionDate "2013.11.20"]
[SourceQuality "1"]
[WhiteTeam "Rhyfelwyr Essyllwg"]
[BlackTeam "Barbican Youth"]
[WhiteTeamCountry "ENG"]
[BlackTeamCountry "ENG"]

1. d4 Nf6 2. Nf3 g6 3. c4 Bg7 4. Nc3 d5 5. cxd5 Nxd5 6. Bd2 Nb6 7. Bf4 0-0 8. e3 Be6 9. Be2 Nd5 10. Nxd5 Bxd5 11. Qc2 c6 12. e4 Be6 13. 0-0 Bg4 14. Rfd1 Bxf3 15. Bxf3 Bxd4 16. Qb3 Qb6 17. Rxd4 Qxd4 18. Qxb7 Qd7 19. Qxa8 Na6 20. Qxf8+ Kxf8 21. Rd1 Qe6 22. Bh6+ Ke8 23. a3 Nc5 24. e5 Nd7 25. Bd2 Nxe5 26. Be2 Nd7 27. Bf3 Ne5 28. Be2 Nc4 29. Bxc4 Qxc4 30. Bc3 f6 31. Re1 Kf7 32. h3 h5 33. f3 Qd5 34. Re4 g5 35. Rd4 Qf5 36. Kh1 Qc8 37. Re4 Qf5 38. Kg1 Qh7 39. Ra4 Qd3 40. Kh2 Qd6+ 41. f4 gxf4 42. Rd4 Qc7 43. Kh1 Kg6 0-1

[Event "BCF-chT1b 1213 (4NCL)"]
[Site "England"]
[Date "2013.01.13"]
[Round "4.166"]
[White "Poobalasingam, Peter"]
[Black "Olsarova, Tereza"]
[Result "1-0"]
[WhiteElo "2211"]
[BlackElo "2267"]
[PlyCount "49"]
[EventDate "2012.11.03"]
[EventType "team-tourn"]
[EventRounds "7"]
[EventCountry "ENG"]
[SourceTitle "EXT 2014"]
[Source "ChessBase"]
[SourceDate "2013.11.20"]
[SourceVersion "1"]
[SourceVersionDate "2013.11.20"]
[SourceQuality "1"]
[WhiteTeam "Barbican II"]
[BlackTeam "White Rose"]
[WhiteTeamCountry "ENG"]
[BlackTeamCountry "ENG"]

1. d4 d5 2. Nc3 Bf5 3. f3 Nf6 4. Bg5 c5 5. dxc5 d4 6. e4 dxc3 7. Qxd8+ Kxd8 8. exf5 cxb2 9. Rb1 Nbd7 10. c6 bxc6 11. Rxb2 g6 12. Bc4 Bg7 13. Rb3 gxf5 14. Bxf7 e5 15. Ne2 Kc7 16. 0-0 Rhf8 17. Bc4 Nd5 18. Bxd5 cxd5 19. Rd1 d4 20. f4 Nc5 21. Rh3 Rh8 22. fxe5 Ne6 23. Nxd4 Nxd4 24. Rxd4 Bxe5 25. Rc4+ 1-0

[Event "Gatwick e2e4 Masters-B"]
[Site "Crawley"]
[Date "2012.08.22"]
[Round "9"]
[White "Poobalasingam, Peter"]
[Black "Burke, Steven J"]
[Result "1/2-1/2"]
[WhiteElo "2263"]
[BlackElo "2041"]
[PlyCount "54"]
[EventDate "2012.08.18"]
[EventType "tourn"]
[EventRounds "9"]
[EventCountry "ENG"]
[EventCategory "1"]
[SourceTitle "CBM 150 Extra"]
[Source "ChessBase"]
[SourceDate "2012.10.19"]
[SourceVersion "1"]
[SourceVersionDate "2012.10.19"]
[SourceQuality "1"]

1. d4 g6 2. Nf3 Bg7 3. g3 d6 4. Bg2 f5 5. Nc3 Nf6 6. 0-0 0-0 7. Qd3 c6 8. e4 Nxe4 9. Nxe4 fxe4 10. Qxe4 Bf5 11. Qe2 Na6 12. Nh4 Bd7 13. Bg5 Bf6 14. Bxf6 exf6 15. Rfe1 Re8 16. Qd3 Kg7 17. Qa3 Rxe1+ 18. Rxe1 Qf8 19. Bf1 Nc7 20. Qb4 b6 21. Qa3 a5 22. Qb3 b5 23. Qe3 Re8 24. Qd2 b4 25. Bg2 Rxe1+ 26. Qxe1 Qe8 27. Qxe8 Bxe8 1/2-1/2

[Event "Gatwick e2e4 Masters-B"]
[Site "Crawley"]
[Date "2012.08.21"]
[Round "6"]
[White "Poobalasingam, Peter"]
[Black "Michielsen, Joost"]
[Result "0-1"]
[WhiteElo "2263"]
[BlackElo "2367"]
[PlyCount "74"]
[EventDate "2012.08.18"]
[EventType "tourn"]
[EventRounds "9"]
[EventCountry "ENG"]
[EventCategory "1"]
[SourceTitle "CBM 150 Extra"]
[Source "ChessBase"]
[SourceDate "2012.10.19"]
[SourceVersion "1"]
[SourceVersionDate "2012.10.19"]
[SourceQuality "1"]

1. d4 d5 2. Nc3 Nf6 3. Bg5 Nbd7 4. Nf3 g6 5. e3 Bg7 6. Bd3 c5 7. 0-0 0-0 8. Re1 b6 9. e4 dxe4 10. Nxe4 cxd4 11. Nxd4 Bb7 12. Nxf6+ Nxf6 13. Nf3 Qc7 14. Bh4 e6 15. Bg3 Qc6 16. Be5 Rad8 17. Qe2 Nd5 18. Be4 f6 19. Bd4 e5 20. c4 Nf4 21. Qc2 Qc7 22. Bxb7 Qxb7 23. Bc3 Qc8 24. Bd2 Nxg2 25. Re4 f5 26. Re2 e4 27. Kxg2 exf3+ 28. Kxf3 Qc6+ 29. Kg3 Rxd2 30. Qxd2 f4+ 31. Qxf4 Rxf4 32. Kxf4 Qxc4+ 33. Kf3 Qd3+ 34. Re3 Qf5+ 35. Kg2 Bd4 36. Re2 Qg4+ 37. Kf1 Qf3 0-1

[Event "Gatwick e2e4 Masters-B"]
[Site "Crawley"]
[Date "2012.08.20"]
[Round "5"]
[White "Ghasi, Ameet K"]
[Black "Poobalasingam, Peter"]
[Result "1-0"]
[WhiteElo "2418"]
[BlackElo "2263"]
[PlyCount "109"]
[EventDate "2012.08.18"]
[EventType "tourn"]
[EventRounds "9"]
[EventCountry "ENG"]
[EventCategory "1"]
[SourceTitle "CBM 150 Extra"]
[Source "ChessBase"]
[SourceDate "2012.10.19"]
[SourceVersion "1"]
[SourceVersionDate "2012.10.19"]
[SourceQuality "1"]

1. Nf3 Nf6 2. g3 g6 3. Bg2 Bg7 4. 0-0 0-0 5. d4 d6 6. Nc3 Nbd7 7. e4 e5 8. h3 c6 9. a4 Re8 10. a5 Qc7 11. dxe5 dxe5 12. Be3 Nf8 13. Qe2 Bd7 14. Nd2 Ne6 15. Rfc1 Bf8 16. Na4 Nd4 17. Qe1 Ne6 18. Nc4 h5 19. Qc3 Nd4 20. Bxd4 exd4 21. Qxd4 Bg7 22. Qd6 Qc8 23. Qf4 Re7 24. Nd6 Qc7 25. Rd1 Ne8 26. Qg5 Re5 27. Nxe8 Bxe8 28. Qd2 Rxa5 29. Qb4 c5 30. Qc4 Rd8 31. Nc3 b5 32. Nd5 Qd6 33. Qb3 c4 34. Qe3 Rxa1 35. Rxa1 Bxb2 36. Rxa7 Bg7 37. h4 b4 38. Bf1 b3 39. cxb3 c3 40. Rc7 Qe5 41. Rc5 Qd6 42. b4 Ra8 43. Rxc3 Bxc3 44. Qxc3 Rb8 45. Nf6+ Kf8 46. Nd5 f6 47. Nxf6 Qxb4 48. Qe5 Kf7 49. Nd5 Qb7 50. Bc4 Kg8 51. Nf6+ Kf8 52. Nxe8 Qb2 53. Qxb2 Rxb2 54. Nc7 Ke7 55. Ne6 1-0

[Event "Gatwick e2e4 Masters-B"]
[Site "Crawley"]
[Date "2012.08.20"]
[Round "4"]
[White "Poobalasingam, Peter"]
[Black "Venkataramanan, TS."]
[Result "1-0"]
[WhiteElo "2263"]
[BlackElo "2287"]
[PlyCount "91"]
[EventDate "2012.08.18"]
[EventType "tourn"]
[EventRounds "9"]
[EventCountry "ENG"]
[EventCategory "1"]
[SourceTitle "CBM 150 Extra"]
[Source "ChessBase"]
[SourceDate "2012.10.19"]
[SourceVersion "1"]
[SourceVersionDate "2012.10.19"]
[SourceQuality "1"]

1. d4 d5 2. Nc3 Nf6 3. Bg5 e6 4. e4 dxe4 5. Nxe4 Be7 6. Bxf6 gxf6 7. Nf3 Nd7 8. Nc3 b6 9. Qd2 Bb7 10. d5 Bb4 11. dxe6 fxe6 12. a3 Bc5 13. 0-0-0 Qe7 14. b4 Bd6 15. Nb5 Be5 16. Nxe5 Nxe5 17. Qc3 0-0 18. Qxc7 Qxc7 19. Nxc7 Rac8 20. Nxe6 Rfe8 21. Nd4 Ng4 22. Rd2 Re1+ 23. Kb2 Kh8 24. Nf5 Rf8 25. f3 Ne5 26. Ng3 Re3 27. Be2 a5 28. bxa5 bxa5 29. Nf5 Rxe2 30. Rxe2 Ba6 31. Re4 Rb8+ 32. Ka1 Bc8 33. Nd6 Bd7 34. Rb1 Rg8 35. f4 Ng6 36. g3 Bc6 37. Rc4 Bd5 38. Rc5 Ne7 39. Re1 Rg7 40. Rxe7 Rxe7 41. Rxd5 Re2 42. Kb2 Rxh2 43. Kb3 Rg2 44. Nf5 Kg8 45. Rd7 h5 46. c4 1-0

[Event "GBR-ch 99th"]
[Site "North Shields"]
[Date "2012.07.31"]
[Round "8"]
[White "Osborne, Marcus E"]
[Black "Poobalasingam, Peter"]
[Result "1/2-1/2"]
[WhiteElo "2245"]
[BlackElo "2263"]
[PlyCount "109"]
[EventDate "2012.07.23"]
[EventType "swiss"]
[EventRounds "11"]
[EventCountry "ENG"]
[SourceTitle "CBM 149 Extra"]
[Source "ChessBase"]
[SourceDate "2012.08.24"]
[SourceVersion "1"]
[SourceVersionDate "2012.08.24"]
[SourceQuality "1"]

1. d4 d5 2. c4 dxc4 3. Nf3 Nf6 4. e3 Bg4 5. Bxc4 e6 6. Qb3 Qc8 7. Ne5 Bh5 8. f4 c6 9. Nc3 b5 10. Bd3 a6 11. Ne4 Nbd7 12. Qc2 c5 13. Ng3 cxd4 14. Qxc8+ Rxc8 15. Nxh5 Nxh5 16. Nxd7 Kxd7 17. exd4 Nf6 18. a4 Kc6 19. 0-0 Bb4 20. axb5+ axb5 21. f5 Kb6 22. Bg5 Nd5 23. fxe6 fxe6 24. Rf7 h6 25. Bh4 Rc7 26. Rxc7 Nxc7 27. Bg3 Nd5 28. Be5 Rg8 29. Rf1 g5 30. Rf7 g4 31. Kf2 Ra8 32. Rh7 Bd2 33. Rh8 Rxh8 34. Bxh8 Bf4 35. Bg7 Ka5 36. Be2 h5 37. h3 Be3+ 38. Kg3 gxh3 39. gxh3 Ne7 40. Bd3 Nf5+ 41. Bxf5 exf5 42. d5 Kb6 43. Bf8 Kb7 44. Bd6 Kc8 45. Bf4 Bd4 46. b3 Bf6 47. Be3 Be5+ 48. Bf4 Bf6 49. Bd2 Be5+ 50. Kf3 Kd7 51. Bb4 Ke8 52. Bc5 Kf7 53. Ke3 Bh2 54. Kf3 Be5 55. Ke3 1/2-1/2

[Event "GBR-ch 99th"]
[Site "North Shields"]
[Date "2012.07.30"]
[Round "7"]
[White "Poobalasingam, Peter"]
[Black "Bhatia, Kanwal K"]
[Result "1-0"]
[WhiteElo "2263"]
[BlackElo "2103"]
[PlyCount "93"]
[EventDate "2012.07.23"]
[EventType "swiss"]
[EventRounds "11"]
[EventCountry "ENG"]
[SourceTitle "CBM 149 Extra"]
[Source "ChessBase"]
[SourceDate "2012.08.24"]
[SourceVersion "1"]
[SourceVersionDate "2012.08.24"]
[SourceQuality "1"]

1. d4 Nf6 2. Nf3 c5 3. d5 e6 4. Nc3 exd5 5. Nxd5 Nxd5 6. Qxd5 Be7 7. Bg5 0-0 8. 0-0-0 Nc6 9. Bxe7 Qxe7 10. e3 Nb4 11. Qd6 Qxd6 12. Rxd6 Nxa2+ 13. Kb1 Nb4 14. Ne5 a6 15. Be2 b5 16. Rhd1 Nc6 17. Nxd7 Bxd7 18. Rxd7 c4 19. f4 Rae8 20. Bf3 Nb8 21. Rb7 Rxe3 22. Rd6 Re1+ 23. Ka2 g6 24. h4 Kg7 25. h5 Rfe8 26. f5 gxf5 27. h6+ Kf8 28. Rdb6 R1e6 29. Rxb8 Rxb8 30. Rxb8+ Ke7 31. Rb7+ Kf6 32. Bd5 Rd6 33. Bf3 Kg6 34. c3 f6 35. Rc7 a5 36. Rb7 b4 37. cxb4 axb4 38. Rxb4 Rd4 39. Kb1 Kxh6 40. b3 Kg5 41. Rxc4 Rd6 42. Bc6 Rd8 43. b4 Rb8 44. b5 h5 45. Kc2 f4 46. Kb3 Kg4 47. Rc3 1-0

[Event "South Wales op 9th"]
[Site "Penarth"]
[Date "2012.07.12"]
[Round "9"]
[White "Poobalasingam, Peter"]
[Black "Van Kemenade, Rudy"]
[Result "1-0"]
[WhiteElo "2263"]
[BlackElo "2014"]
[PlyCount "71"]
[EventDate "2012.07.08"]
[EventType "swiss"]
[EventRounds "9"]
[EventCountry "WLS"]
[SourceTitle "CBM 149 Extra"]
[Source "ChessBase"]
[SourceDate "2012.08.24"]
[SourceVersion "1"]
[SourceVersionDate "2012.08.24"]
[SourceQuality "1"]

1. d4 Nf6 2. Nf3 g6 3. g3 Bg7 4. c4 d6 5. Bg2 0-0 6. 0-0 Nc6 7. Nc3 e5 8. d5 Ne7 9. Ne1 Ne8 10. e4 f5 11. Nd3 c5 12. f4 b6 13. Bd2 Rb8 14. Kh1 h6 15. Qe2 fxe4 16. Nxe4 exf4 17. Nxf4 Nf5 18. Nxg6 Nd4 19. Rxf8+ Bxf8 20. Qh5 Bg7 21. Bxh6 Nf6 22. Nxf6+ Qxf6 23. Bxg7 Kxg7 24. Re1 Rb7 25. Re8 Qf5 26. Qh8+ Kxg6 27. Be4 Qxe4+ 28. Rxe4 Bf5 29. Re8 Rh7 30. Rg8+ Kf7 31. Rf8+ Kg6 32. Qf6+ Kh5 33. Qh4+ Kg6 34. Rf6+ Kg7 35. Qg5+ Kh8 36. Rf8# 1-0